000 00438nam a2200121Ia 4500
008 220216s9999 xx 000 0 und d
100 _aPatel M Mehul
245 0 _aEPDM reclaim (EP 101) - A promising raw material
260 _bInternational Conference and Exhibition on Rubber and Allied Materials Asia Rub Tech Expo 2002. 28-30 November 2002, New Delhi. pp.500-504.
650 _aEPDM reclaim
700 _aSatish Kumar K
942 _cJS
999 _c58703
_d58703